"Dangerous foreigners" : (Record no. 41981)
[ view plain ]
| 000 -LEADER | |
|---|---|
| fixed length control field | 01048nam a22003012 4500 |
| 001 - CONTROL NUMBER | |
| control field | 41981 |
| 003 - CONTROL NUMBER IDENTIFIER | |
| rucl marc code | BD-RjUL |
| 005 - DATE AND TIME OF LATEST TRANSACTION | |
| control field | 20211209053458.0 |
| 008 - FIXED-LENGTH DATA ELEMENTS--GENERAL INFORMATION | |
| fixed length control field | 160608s1979 onc b 001 0 eng |
| 020 ## - INTERNATIONAL STANDARD BOOK NUMBER | |
| International Standard Book Number | 0771008260 |
| 035 ## - SYSTEM CONTROL NUMBER | |
| System control number | (BD-RjUL)42099 |
| 040 ## - CATALOGING SOURCE | |
| Original cataloging agency | DLC |
| Transcribing agency | DLC |
| Modifying agency | BD-RjUL |
| Language of cataloging | eng |
| 041 ## - LANGUAGE CODE | |
| Language code of text/sound track or separate title | eng |
| 082 ## - DEWEY DECIMAL CLASSIFICATION NUMBER | |
| Classification number | 331.624071 |
| Edition number | 19 |
| Author mark and year | AVD 1979 |
| 100 1# - MAIN ENTRY--PERSONAL NAME | |
| Personal name | Avery, Donald |
| Dates associated with a name | 1938- |
| 9 (RLIN) | 129055 |
| 245 10 - TITLE STATEMENT | |
| Title | "Dangerous foreigners" : |
| Remainder of title | European immigrant workers and labour radicalism in Canada, 1896-1932 / |
| Statement of responsibility, etc. | Donald Avery. |
| 260 ## - PUBLICATION, DISTRIBUTION, ETC. (IMPRINT) | |
| Place of publication, distribution, etc. | Toronto : |
| Name of publisher, distributor, etc. | McClelland and Stewart, |
| Date of publication, distribution, etc. | 1979. |
| 300 ## - PHYSICAL DESCRIPTION | |
| Pagination | 204 p. ; |
| Size | 21 cm. |
| 490 1# - SERIES STATEMENT | |
| Series statement | Canadian social history series |
| 504 ## - BIBLIOGRAPHY, ETC. NOTE | |
| Bibliography, etc | Includes bibliographical references and index. |
| 650 #0 - SUBJECT ADDED ENTRY--TOPICAL TERM | |
| Topical term or geographic name as entry element | Minorities |
| General subdivision | Employment |
| Geographic subdivision | Canada |
| General subdivision | History. |
| 9 (RLIN) | 129056 |
| Topical term or geographic name as entry element | Foreign workers |
| Geographic subdivision | Canada |
| General subdivision | History. |
| 9 (RLIN) | 129057 |
| Topical term or geographic name as entry element | Radicalism |
| Geographic subdivision | Canada |
| General subdivision | History. |
| 9 (RLIN) | 129058 |
| 651 #0 - SUBJECT ADDED ENTRY--GEOGRAPHIC NAME | |
| Geographic name | Canada |
| General subdivision | Social conditions. |
| 9 (RLIN) | 129059 |
| 830 #0 - SERIES ADDED ENTRY--UNIFORM TITLE | |
| Uniform title | Canadian social history series. |
| 942 ## - ADDED ENTRY ELEMENTS (KOHA) | |
| Source of classification or shelving scheme | Dewey Decimal Classification |
| Koha item type | Books |
| Lost status | Source of classification or shelving scheme | Damaged status | Not for loan | Collection code | Permanent Location | Current Location | Shelving location | Date acquired | Source of acquisition | Total Checkouts | Full call number | Date last seen | Copy number | Koha item type |
|---|---|---|---|---|---|---|---|---|---|---|---|---|---|---|
| Dewey Decimal Classification | Non-fiction | Central Library, University of Rajshahi | Central Library, University of Rajshahi | 26/07/1987 | Gift | 331.624071 AVD 1979 | 08/06/2016 | C-2 | Books |